<?xml version="1.0" encoding="UTF-8"?>
<record
    xmlns:xsi="http://www.w3.org/2001/XMLSchema-instance"
    xsi:schemaLocation="http://www.loc.gov/MARC21/slim http://www.loc.gov/standards/marcxml/schema/MARC21slim.xsd"
    xmlns="http://www.loc.gov/MARC21/slim">

  <leader>00788nam a22002177a 4500</leader>
  <controlfield tag="003">0</controlfield>
  <controlfield tag="005">20160609171240.0</controlfield>
  <controlfield tag="008">130327t        xxu||||| |||| 00| 0 eng d</controlfield>
  <datafield tag="020" ind1=" " ind2=" ">
    <subfield code="a">2-257-18547-8</subfield>
  </datafield>
  <datafield tag="040" ind1=" " ind2=" ">
    <subfield code="a">BUAC</subfield>
    <subfield code="b">Fre</subfield>
    <subfield code="c">BFSS</subfield>
  </datafield>
  <datafield tag="100" ind1=" " ind2=" ">
    <subfield code="a">Kasper, Dennis L.</subfield>
    <subfield code="9">22603</subfield>
  </datafield>
  <datafield tag="245" ind1=" " ind2=" ">
    <subfield code="a">Harrison principes en m&#xE9;decine interne/</subfield>
    <subfield code="c">Coord. pae Dennis L. Kasper...</subfield>
    <subfield code="h">Eug&#xE8;ne Brauwald, Anthony S. Fauci, Stephen L. Hausser,...(et al)</subfield>
  </datafield>
  <datafield tag="250" ind1=" " ind2=" ">
    <subfield code="a">16 &#xE8;d</subfield>
  </datafield>
  <datafield tag="260" ind1=" " ind2=" ">
    <subfield code="a">Paris</subfield>
    <subfield code="b">Flammarion M&#xE9;decine-sciences</subfield>
    <subfield code="c">2006</subfield>
  </datafield>
  <datafield tag="300" ind1=" " ind2=" ">
    <subfield code="a">XXVII- 2293p.</subfield>
    <subfield code="b">ill.,couv.ill. en coul.</subfield>
    <subfield code="c">27cm</subfield>
  </datafield>
  <datafield tag="500" ind1=" " ind2=" ">
    <subfield code="a">Trad. de &lt;&lt;Harrison's principles of internal medecine&gt;&gt;</subfield>
  </datafield>
  <datafield tag="504" ind1=" " ind2=" ">
    <subfield code="a">R&#xE9;f.bibliogr.Index</subfield>
  </datafield>
  <datafield tag="653" ind1=" " ind2=" ">
    <subfield code="a">M&#xE9;decine interne</subfield>
  </datafield>
  <datafield tag="700" ind1=" " ind2=" ">
    <subfield code="a">Braunwald, Eug&#xE8;ne; Fauci, Anthony</subfield>
    <subfield code="b">Hauser, stephen</subfield>
    <subfield code="9">22604</subfield>
  </datafield>
  <datafield tag="999" ind1=" " ind2=" ">
    <subfield code="c">50450</subfield>
    <subfield code="d">50450</subfield>
  </datafield>
  <datafield tag="952" ind1=" " ind2=" ">
    <subfield code="0">0</subfield>
    <subfield code="1">0</subfield>
    <subfield code="4">0</subfield>
    <subfield code="7">0</subfield>
    <subfield code="a">BFSS</subfield>
    <subfield code="b">BFSS</subfield>
    <subfield code="d">0000-00-00</subfield>
    <subfield code="e">Achat</subfield>
    <subfield code="l">0</subfield>
    <subfield code="o">Nut005</subfield>
    <subfield code="p">11063BFSS</subfield>
    <subfield code="r">2013-03-27 00:00:00</subfield>
    <subfield code="t">1</subfield>
    <subfield code="w">2013-03-27</subfield>
    <subfield code="y">LIV</subfield>
  </datafield>
  <datafield tag="952" ind1=" " ind2=" ">
    <subfield code="0">0</subfield>
    <subfield code="1">0</subfield>
    <subfield code="4">0</subfield>
    <subfield code="7">0</subfield>
    <subfield code="a">BFSS</subfield>
    <subfield code="b">BFSS</subfield>
    <subfield code="d">0000-00-00</subfield>
    <subfield code="e">Achat</subfield>
    <subfield code="l">0</subfield>
    <subfield code="o">NUT005 HAR</subfield>
    <subfield code="p">11064BFSS</subfield>
    <subfield code="r">2013-03-27 00:00:00</subfield>
    <subfield code="t">2</subfield>
    <subfield code="w">2013-03-27</subfield>
    <subfield code="y">LIV</subfield>
  </datafield>
  <datafield tag="952" ind1=" " ind2=" ">
    <subfield code="0">0</subfield>
    <subfield code="1">0</subfield>
    <subfield code="4">0</subfield>
    <subfield code="7">0</subfield>
    <subfield code="a">BFSS</subfield>
    <subfield code="b">BFSS</subfield>
    <subfield code="d">0000-00-00</subfield>
    <subfield code="e">Achat</subfield>
    <subfield code="l">0</subfield>
    <subfield code="o">NUT005 HAR</subfield>
    <subfield code="p">11065BFSS</subfield>
    <subfield code="r">2013-03-27 00:00:00</subfield>
    <subfield code="t">3</subfield>
    <subfield code="w">2013-03-27</subfield>
    <subfield code="y">LIV</subfield>
  </datafield>
  <datafield tag="952" ind1=" " ind2=" ">
    <subfield code="0">0</subfield>
    <subfield code="1">0</subfield>
    <subfield code="4">0</subfield>
    <subfield code="7">0</subfield>
    <subfield code="a">BFSS</subfield>
    <subfield code="b">BFSS</subfield>
    <subfield code="d">0000-00-00</subfield>
    <subfield code="e">Achat</subfield>
    <subfield code="l">0</subfield>
    <subfield code="o">NUT005 HAR</subfield>
    <subfield code="p">11066BFSS</subfield>
    <subfield code="r">2013-03-27 00:00:00</subfield>
    <subfield code="t">4</subfield>
    <subfield code="w">2013-03-27</subfield>
    <subfield code="y">LIV</subfield>
  </datafield>
</record>
